书目信息 |
| 题名: |
数字集成电路参数与代换大全
|
|
| 作者: | 庄跃辉 编 | |
| 分册: | ||
| 出版信息: | 北京 电子工业出版社 1995.12 |
|
| 页数: | 1075页 | |
| 开本: | 16开 | |
| 丛书名: | ||
| 单 册: | ||
| 中图分类: | TN4-61 | |
| 科图分类: | ||
| 主题词: | 微电子技术 , 集成电路 | |
| 电子资源: | ||
| ISBN: | 7-5053-3216-3 | |
| 000 | 00635nam0 2200205 45 | |
| 001 | 0005161518 | |
| 005 | 20000516151533.8 | |
| 010 | @a7-5053-3216-3@d98.00元 | |
| 100 | @a20000516d1995 km y0chiy0120 ea | |
| 101 | @achi | |
| 105 | @a z 000yy | |
| 200 | 1 | @a数字集成电路参数与代换大全@AShu Zi Ji Cheng Dian Lu Can Shu Yu Dai Huan Da Quan@f庄跃辉,舒建寅等编@FZhuang Yue Hui,Shu Jian Yin Deng Bian |
| 210 | @a北京@c电子工业出版社@d1995.12 | |
| 215 | @a1075页@d16开 | |
| 606 | 0 | @a微电子技术 |
| 606 | 0 | @a集成电路 |
| 690 | @aTN4-61@v3 | |
| 701 | @a庄跃辉@4编 | |
| 801 | @aCN@bPftUser@c20000516 | |
| 905 | @f1@b55463@dTN4-61@eZZH335 | |
| 数字集成电路参数与代换大全/庄跃辉,舒建寅等编.-北京:电子工业出版社,1995.12 |
| 1075页;16开 |
| ISBN 7-5053-3216-3:98.00元 |
| ● |
| 相关链接 |
|
|
|
正题名:数字集成电路参数与代换大全
索取号:TN4-61/ZZH335
 
预约/预借
| 序号 | 登录号 | 条形码 | 馆藏地/架位号 | 状态 | 备注 |
| 1 | 55463 | 200554630 | 期刊室512/301自科库 19排4列4层/ [索取号:TN4-61/ZZH335] | 在馆 |